Pays au PIB le plus élevée . - Statistiques

Statistiques générales
  • Ce quiz a été pris 207 fois
  • Le résultat moyen est 9 sur 10
Statistiques - réponses
PIB Pays % Correct
2639.092 milliards d'euros France
100%
24162.663 milliards d'euros Etats Unis
99%
17174.722 milliards d'euros Chine
98%
4017.108 milliards d'euros Japon
95%
3876.81 milliards d'euros Allemagne
93%
2913.623 milliards d'euros Royaume Uni
93%
2116.735 milliards d'euros Russie
93%
3213.281 milliards d'euros Inde
90%
2030.446 milliards d'euros Canada
88%
1946.479 milliards d'euros Italie
85%
Aucun quiz correspondant
Distribution des résultats
% des personnes avec chaque résultat
Percentile par nombre de réponses
Votre historique - résultats
Vous n’avez pas pris ce quiz